Fritz Lang in America

Saved in:
Bibliographic Details
Main Author: Bogdanovich, Peter (Author)
Format: Book
Language:English
Published: Nueva York Frederick A. Praeger 1969
Edition:1a. ed
Series:Praeger film Library. Ian Cameron
Subjects:
Tags: Add Tag
No Tags, Be the first to tag this record!

MARC

LEADER 00000cam a2200000 a 4500
001 UCV8552
003 CL-VaPUC
008 911008e19690000US |||||||||||||||||eng|d
082 0 4 |a 791.437  |b BOG  |2 21 
100 0 |a Bogdanovich, Peter  |e author  |9 302579 
245 1 0 |a Fritz Lang in America 
250 |a 1a. ed 
300 |a 143 p 
942 |c BK 
945 |d 19911008 00:00:00 
260 |a Nueva York  |b Frederick A. Praeger  |c 1969 
600 0 |a Lang, Fritz   |d 1890-1976  |e Director de Cine  |9 264960 
650 7 |a PELICULAS CINEMATOGRAFICAS  |2 CL-VaPUC  |9 302580 
650 0 |a Cine  |9 225706 
583 |a last modification  |c 20190402 09:14:34  |k Rodrigo Vera 
490 0 |a Praeger film Library. Ian Cameron 
999 |c 214044  |d 214042 
952 |0 0  |1 0  |3 erd  |4 0  |6 791_437000000000000_BOG_1969  |7 0  |8 A  |9 197054  |a BIBART  |b BIBART  |i 5475678  |o 791.437 BOG 1969  |p 5475678  |r 2025-03-13  |w 2019-11-14  |y BK  |z Catalogado en:20180622  |k ART